FEMINA - ENGLISH - 3, MARCH 2017 - GUJARAT SPECIAL (Record no. 3268)

MARC details
000 -LEADER
fixed length control field 00229nam a22000977a 4500
082 ## - DEWEY DECIMAL CLASSIFICATION NUMBER
Classification number 050
245 ## - TITLE STATEMENT
Title FEMINA - ENGLISH - 3, MARCH 2017 - GUJARAT SPECIAL
300 ## - PHYSICAL DESCRIPTION
Number of Pages 68P
490 ## - SERIES STATEMENT
Series statement 3, MARCH 2017 - GUJARAT SPECIAL
942 ## - ADDED ENTRY ELEMENTS (KOHA)
Koha item type Magazine
Holdings
Home library Current library Shelving location Date acquired Cost, normal purchase price Full call number Accession Number Koha item type
Beautiful Minds Library Beautiful Minds Library General Stacks 24/02/2017 60.00 050 FEMINA GUJ PE0041 Magazine
analytics